000 00745nam a2200241 i 4500
001 C2-0283929
003 PPAK
005 20180728013859.0
008 071126s2007 my a|||| ||||| | may d
040 _aPPAK
_beng
_cPPAK
_erda
082 0 4 _a959.5112
_223
090 0 0 _a959.5112
_bADI
_dKK
100 0 _aAdi Haji Taha,
_eauthor
245 1 0 _aPerkembangan sejarah awal Negeri Kedah berdasarkan penemuan bahan-bahan arkeologi
264 1 _aKedah :
_bPerbadanan Perpustakaan Awam Negeri Kedah ,
_c2007
300 _a11 pages :
_billustrations ;
_c30 cm
336 _2rdacontent
_atext
337 _2rdamedia
_aunmediated
338 _2rdacarrier
_avolume
500 _aNegeri Kedah Darul Aman
650 1 0 _aKedah - History.
942 _ddc
_cB
999 _c89932
_d89932